Distance education : a practical guide /

Bibliographic Details
Main Author: Willis, Barry Donald, 1952-
Format: Book
Language:English
Published: Englewood Cliffs, N.J. : Educational Technology Publications, [1993]
Subjects:

MARC

Tag First Indicator Second Indicator Subfields
LEADER 00000cam a2200000 a 4500
001 in00001234927
005 20151003060914.0
008 920821s1993 njua bf 001 0 eng
010 |a  92032544  
020 |a 0877782555 
035 |a (OCoLC)26586634 
035 |9 AGS2887AM 
040 |a DLC  |c DLC  |d OCL  |d TXA  |d UtOrBLW 
049 |a TXAM 
050 0 0 |a LC5800  |b .W55 1993 
082 0 0 |a 371.3/078  |2 20 
100 1 |a Willis, Barry Donald,  |d 1952- 
245 1 0 |a Distance education :  |b a practical guide /  |c Barry Willis. 
264 1 |a Englewood Cliffs, N.J. :  |b Educational Technology Publications,  |c [1993] 
264 4 |c ©1993 
300 |a x, 138 pages :  |b illustrations ;  |c 24 cm. 
336 |a text  |b txt  |2 rdacontent 
337 |a unmediated  |b n  |2 rdamedia 
338 |a volume  |b nc  |2 rdacarrier 
504 |a Includes bibliographical references (pages 125-131) and index. 
650 0 |a Distance education  |x Handbooks, manuals, etc. 
999 |a MARS 
999 f f |s 6aac5c79-9ae2-3505-9e91-e61b88ffc61c  |i 43c06520-e1f0-328e-ae7b-48e6f8ace35d  |t 0 
952 f f |p normal  |a Texas A&M University  |b College Station  |c Sterling C. Evans Library  |d Evans: Library Stacks  |t 0  |e LC5800 .W55 1993  |h Library of Congress classification  |i unmediated -- volume  |m A14820851208 
998 f f |a LC5800 .W55 1993  |t 0  |l Evans: Library Stacks